LEADER 00739nam a2200205 i 4500 001 000000186853 003 CaOOAMICUS 005 20100306000000.0 008 100306s1961 it u000 u ita u 013 $a164909 040 $aSeMil$bita 100 1 $aMauri, Giuseppe.$0(OLS)http://semarc/name/6675 245 13$aIl mio sacerdozio /$csac. Giuseppe Mauri. 260 $aBrescia :$bQueriniana,$c1961. 300 $a298 p. ;$c19 cm. 650 4$aPresbiterato.$0(OLS)http://semarc/subject/2315 850 $aSeMil 852 $aSeMil$W1$xVenegono$y1$m3G II 74$j137540$B137540$CSeMilBibl$Z2$F149053 $81 996 $6245$aIl mio sacerdozio$9(OLS)http://semarc/title/268723 996 $6260$aBrescia :$bQueriniana$9(OLS)http://semarc/publisher/29615 LEADER 00577nab a2200145 i 4500 001 000000305988 003 CaOOAMICUS 005 20180831172848.0 008 180831n it uu u0 0ita r 013 $a14307 040 $aSeMil$bita 100 1 $aBiondi, Ciro .$0(OLS)http://semarc/name/87355 245 13$aIl Guardiano [Editoriale]. - In :$bServizio PUM, Pontificia Unione Missionaria. 773 0 $tDiritto di credere, diritto di vivere.$gp.I-VII$w()268831 996 $6245$aIl Guardiano [Editoriale]. - In :$bServizio PUM, Pontificia Unione Missionaria.$9(OLS)http://semarc/title/381444